Způsoby bankovních krádeží se mění, kriminalita zůstává
Charakteristika najčastejších druhov bankových podvodov, ako napríklad: nadmerne rizikové obchody, prevody peňazí na základe falošných dokumentov, zneužitie mena a banky bez licencie, podvody so zmenkami, podvody so šekmi a s platobnými kartami, pranie peňazí získaných z kriminálnych aktivít a.i.
Salvato in:
| Autore principale: | |
|---|---|
| Natura: | Capitolo di libro |
| Lingua: | ceco |
| Soggetti: | |
| Tags: |
Nessun Tag, puoi essere il primo ad aggiungerne!!
|
MARC
| LEADER | 00000naa$a2200000$$$4500 | ||
|---|---|---|---|
| 001 | 0057185 | ||
| 005 | 20231010094314.1 | ||
| 041 | 0 | |a cze | |
| 044 | |a CZ | ||
| 245 | 1 | 0 | |a Způsoby bankovních krádeží se mění, kriminalita zůstává |c Karel Machala |
| 520 | |a Charakteristika najčastejších druhov bankových podvodov, ako napríklad: nadmerne rizikové obchody, prevody peňazí na základe falošných dokumentov, zneužitie mena a banky bez licencie, podvody so zmenkami, podvody so šekmi a s platobnými kartami, pranie peňazí získaných z kriminálnych aktivít a.i. | ||
| 610 | 2 | 0 | |a krádeže |
| 610 | 2 | 0 | |a banky |
| 610 | 2 | 0 | |a podvody bankové |
| 610 | 2 | 0 | |a náklady |
| 610 | 2 | 0 | |a kriminalita |
| 100 | 1 | |a Machala, Karel | |